000 01290cam a22003854a 4500
999 _c8125
_d8125
001 17481706
003 OSt
005 20230331155001.0
008 121002s2011 enka b 001 0 eng c
010 _a 2012471655
016 7 _a101574330
_2DNLM
016 7 _a015863103
_2Uk
020 _a9781846920745 (hbk.)
020 _a1846920744 (hbk.)
020 _a0632015330
035 _a(OCoLC)ocn772582415
040 _aNLM
_beng
_cNLM
_dPAU
_dYDXCP
_dUKMGB
_dOCLCO
_dOCLCQ
_dOCLCO
_dDLC
042 _apcc
050 0 0 _aRC924
_b.C5542 2011
060 0 0 _a2011 L-570
060 1 0 _aWD 300
082 _aWD 375H874c 1987.
245 0 0 _aConnective tissue diseases :
_cHughes,Graham R.
260 _aOxford :
_bClinical Pub.,
_c1987.
300 _ax, 122 p. :
_bill. (chiefly col.) ;
_c30 cm.
504 _aIncludes bibliographical references and index.
650 0 _aConnective tissues
_xDiseases
_vAtlases.
_916589
650 1 2 _aConnective Tissue Diseases
_vAtlases.
_916590
650 2 2 _aAutoimmune Diseases
_vAtlases.
_916591
700 1 _aGordon, Caroline,
_d1956-
_916592
700 1 _aGross, Wolfgang L.
_916593
906 _a7
_bcbc
_cpccadap
_d2
_encip
_f20
_gy-gencatlg
942 _2z
_cO_SHELF